000 00879pam a2200217 a 4500
020 _a0309051150 :
082 0 0 _a388.068
_bNAT
_cD
110 _aNational Research Council (U.S)
_920017
245 0 0 _aFinance, planning, programming, economic analysis, and land development, 1991.
260 _aWashington, D.C. :
_bTransportation Research Board, National Research Council,
_c1991.
300 _axii, 384 p. :
_bill., maps ;
_c28 cm.
490 1 _aTransportation research record ;
500 _a"A peer-reviewed publication of the Transportation Research Board."
526 _a0
_b0
_c0
_d388_068000000000000_NAT
650 0 _aD
_xPlanning
_938522
650 0 _aTransportation
_xManagement
_938523
650 0 _aTransportation
_xPlanning
_919652
650 0 _aTransportation, Automotive
_xManagement
_938524
710 2 _aNational Research Council (U.S.).
_920017
942 _2ddc
_cBK
999 _c543142
_d543142